ZTM Gdańsk - 4 - Statystyki

Ogólne statystyki
  • Ten quiz został rozwiązany 17 razy
  • Średni wynik to 31 z 39
Statystyki odpowiedzi
Ulica Przystanek % Poprawnych
Lawendowe Wzgórze Lawendowe Wzgórze
100%
Zwycięstwa Brama Oliwska
87%
3 Maja Dworzec PKS
87%
Legionów Legionów
87%
Mickiewicza Mickiewicza
87%
Armii Krajowej Odrzańska
87%
Zwycięstwa Opera Bałtycka
87%
Armii Krajowej Pohulanka
87%
Hallera Reja
87%
Zwycięstwa Traugutta
87%
Zwycięstwa Uniwersytet Medyczny
87%
Rzeczypospolitej Bajana
80%
Chłopska Bora-Komorowskiego
80%
Sikorskiego Chałubińskiego
80%
Zwycięstwa Chodowieckiego
80%
Chłopska Czerwony Dwór
80%
Częstochowska Częstochowska
80%
Pomorska Helska
80%
Pomorska Jelitkowo
80%
Łódzka Łódzka
80%
Pomorska Osiedle Wejhera
80%
Piotrkowska Piotrkowska
80%
Legionów Plac Komorowskiego
80%
Havla Przemyska
80%
Sikorskiego Sikorskiego
80%
Warszawska Ujeścisko
80%
3 Maja Węzeł Groddecka
80%
Havla Wilanowska
80%
Hallera Wyspiańskiego
80%
Rzeczypospolitej Zaspa
80%
Witosa Cebertowicza
73%
Witosa Cieszyńskiego
73%
Rzeczypospolitej Jana Pawła II
73%
Chłopska Kołobrzeska
73%
Chłopska Pomorska
73%
Rzeczypospolitej Startowa
73%
3 Maja Urząd Miejski
73%
Rzeczypospolitej Żwirki i Wigury
73%
Chłopska Piastowska
67%
Nie znaleziono quizów pasujących do podanych kryteriów
Rozkład punktacji
Procent ludzi z każdym wynikiem
Percentyl według liczby udzielonych odpowiedzi
Twoja historia wyników
Nie rozwiązałeś tego quizu